000 00874nas a2200265 4500
001 BR7900060
003 BR-BrBNA
005 20231205083605.0
007 ta
008 230509b bl.|||p| |||| 00| 00por d
040 _aBR-BrBNA
_bpor
_cBiblioteca Nacional de Agricultura
041 _a(Pt)
072 _aH10
100 1 _aBotelho, P.S.M.
100 1 _aMendes, A.C.
100 1 _aMacedo, N.
100 1 _aSilveira Neto, S. (Programa Nacional de Melhoramento da Cana-de-Acucar, Piracicaba, SP (Brazil))
245 1 _aCalculo da dispersao da broca da cana de acucar, Diatraea sacharalis (fabr. 1974)[Saccharum spp]
650 _aPRAGA DE PLANTA
650 _aCANA DE ACUCAR
650 _aBROCA
773 0 _tBrasil Acucareiro (Brazil)
_xISSN 0006-9167
_g(Dec 1978), v. 92(6) p. 9-14
_wBR7900060
909 _a202311
_bLúcia
_c55
_dLúcia Elande
942 _2AGRIS
_n0
_cANA
999 _c99892
_d99892